| 000 | 01096cad a22002415a 4500 | ||
|---|---|---|---|
| 001 | L150955 | ||
| 008 | 100916c2010 xxuqr ws ss 000 a0eng d | ||
| 035 | _a(Sirsi) u150955 | ||
| 041 | 0 | _aeng | |
| 110 | 2 |
_aRider Levett Bucknall _95520 |
|
| 245 | 0 | 0 |
_aUSA Report _bquarterly construction cost report _h[electronic resource] |
| 260 |
_a[United States] _bRLB _c2010- |
||
| 362 | 0 | _aThird Quarter 2010- | |
| 490 | 0 | _aRider Levett Bucknall Quarterly Construction Cost Report | |
| 520 | _aOverview of the construction industry in the United States of America, data current to 1 July 2010; national construction cost index; indicative construction costs; key United States statistics; consensus construction forecast; comparative cost index. | ||
| 554 | _aFour per year | ||
| 590 | _aKA NTK | ||
| 650 | 2 | 4 | _aRIDER LEVETT BUCKNALL QUARTERLY CONSTRUCTION COST REPORT |
| 651 | 4 |
_aUnited States _y1959- |
|
| 690 | _aBUILT ENVIRONMENT-BUILDING COSTS | ||
| 856 | 4 | 0 |
_uhttps://www.ebooks.rlb.com/americas/Emagazine/flash.html#/10/ _zView the website free of charge at www.ebooks.rlb.com |
| 942 | _n0 | ||
| 999 |
_c119284 _d119284 |
||